[Event "Vados IM"]
[Site "Arad ROM"]
[Date "2007.09.20"]
[Round "1"]
[White "Butunoi,A"]
[Black "Panush,V"]
[Result "1-0"]
[WhiteElo "2374"]
[BlackElo "2257"]

1.e4 c5 2.Nf3 d6 3.d4 cxd4 4.Nxd4 Nf6 5.Nc3 a6 6.Be3 Ng4 7.Bg5 h6 8.Bh4 g5
9.Bg3 Bg7 10.h3 Ne5 11.Be2 Nbc6 12.Nf5 Bxf5 13.exf5 Qb6 14.Nd5 Qa5+ 15.c3 O-O
16.O-O Nd7 17.h4 Nf6 18.Ne3 Rac8 19.Kh1 Qd8 20.Bf3 b5 21.a4 Qb6 22.axb5 axb5
23.hxg5 hxg5 24.Bd5 Ne5 25.Bxe5 dxe5 26.Qe2 Rfd8 27.Rfd1 Rd6 28.Bb3 Rcd8
29.Kg1 Qc6 30.Rxd6 exd6 31.Ng4 Qd7 32.Nxf6+ Bxf6 33.Ra5 Rb8 34.Qe4 Kg7 35.Bd5 Qc7
36.Qb4 Qb6 37.Qa3 b4 38.Qxb4 Qxb4 39.cxb4 e4 40.Ra7 Bxb2 41.Rxf7+ Kh6 42.Bb7 g4
43.b5 Kg5 44.g3 Bf6 45.Bxe4 Rxb5 46.Rf8 Rb2 47.Rg8+ Kh5 48.f3 Bd4+ 49.Kh1 gxf3
50.Bxf3+ Kh6 51.Rg6+ Kh7 52.Rxd6 Be5 53.Rg6 Rf2 54.Be4  1-0

[Event "Open"]
[Site "Miami USA"]
[Date "2007.09.27"]
[Round "3"]
[White "Bady,G"]
[Black "Esserman,M"]
[Result "1-0"]
[WhiteElo "2185"]
[BlackElo "2277"]

1.e4 c5 2.Nf3 d6 3.d4 cxd4 4.Nxd4 Nf6 5.Nc3 a6 6.Be3 e6 7.Qd2 b5 8.f3 Nbd7
9.g4 Nb6 10.a4 b4 11.Na2 a5 12.c3 bxc3 13.Nxc3 Bd7 14.Ndb5 Qb8 15.g5 Nh5
16.Qd4 Nc8 17.Be2 Rg8 18.f4 g6 19.f5 Be7 20.O-O-O Bd8 21.fxe6 fxe6 22.Qc4 Ke7
23.Bxh5 gxh5 24.Bf4 Ra6 25.Rd2 Rc6 26.Qd3  1-0

[Event "Magistral ITT ENDESA"]
[Site "Santiago CHI"]
[Date "2007.09.27"]
[Round "2"]
[White "Alonso,S"]
[Black "Valenzuela Fuentealba,L"]
[Result "1/2-1/2"]
[WhiteElo "2403"]
[BlackElo "2434"]

1.e4 c5 2.Nf3 d6 3.d4 cxd4 4.Nxd4 Nf6 5.Nc3 a6 6.Be3 e5 7.Nf3 Qc7 8.a4 h6
9.Be2 Be6 10.O-O Nbd7 11.a5 Be7 12.Nd5 Qd8 13.Nxe7 Qxe7 14.Nd2 d5 15.exd5 Nxd5
16.Nc4 O-O 17.Bf3 Nxe3 18.Nxe3 Nf6 19.c4  1/2-1/2

[Event "KNSB TCh-NED 2007-8"]
[Site "Netherlands NED"]
[Date "2007.10.06"]
[Round "2"]
[White "Willemze,J"]
[Black "Bosboom,M"]
[Result "1/2-1/2"]
[WhiteElo "2413"]
[BlackElo "2434"]

1.e4 c5 2.Nf3 d6 3.d4 cxd4 4.Nxd4 Nf6 5.Nc3 a6 6.Be3 e6 7.g4 h6 8.Bg2 Nbd7
9.Qe2 Ne5 10.h3 g5 11.O-O-O Bd7 12.Nf3 Rc8 13.Nxe5 dxe5 14.Rd3 Bb4 15.Qf3 Qe7
16.h4 Bxc3 17.Rxc3 Rxc3 18.bxc3 Bc6 19.Bc5 Qxc5 20.Qxf6 Rf8 21.Rd1 Bd7 22.Rd3 gxh4
23.Qxh4 Rg8 24.Bf3 Rg6 25.Bd1 Qa5 26.Kb2 Bb5 27.Rd2 Qb6 28.Ka1 Qc7 29.Kb2 Qe7
30.Qh2 Qg5 31.f3 Ke7 32.Qf2 Rg8 33.Qc5+ Kf6 34.Qd6 Qe3 35.Rd5 Qf4 36.Rc5  1/2-1/2

[Event "TCh-BEL 2007-8"]
[Site "Belgium BEL"]
[Date "2007.10.07"]
[Round "1"]
[White "Allaert,D"]
[Black "Forster,S"]
[Result "1/2-1/2"]
[WhiteElo "2071"]
[BlackElo "2102"]

1.e4 c5 2.Nf3 d6 3.d4 cxd4 4.Nxd4 Nf6 5.Nc3 a6 6.Be3 e5 7.Nf3 Be7 8.Bc4 O-O
9.O-O Be6 10.Bxe6 fxe6 11.Na4 Ng4 12.Qd3 d5 13.Nb6 Nxe3 14.Qxe3 Rxf3 15.gxf3 Bg5
16.f4 Bxf4 17.Qb3 Qh4 18.h3 Nc6 19.Rad1 Nd4 20.Rxd4 exd4 21.Nxa8 Be3 22.fxe3  1/2-1/2

[Event "FSIM October"]
[Site "Budapest HUN"]
[Date "2007.10.08"]
[Round "3"]
[White "Forsaa,E"]
[Black "Vegh,E"]
[Result "1/2-1/2"]
[WhiteElo "2263"]
[BlackElo "2303"]

1.e4 c5 2.Nf3 d6 3.d4 cxd4 4.Nxd4 Nf6 5.Nc3 a6 6.Be3 e5 7.Nb3 Be6 8.f3 h5
9.Nd5 Nxd5 10.exd5 Bf5 11.Bd3 Bxd3 12.Qxd3 Be7 13.O-O O-O 14.a4 Nd7 15.a5 Bg5
16.Bf2 Rc8 17.Ra4 Qc7 18.c3 f5 19.Rb4 Rf7 20.Bb6 Nxb6 21.axb6 Qd7 22.g3 Rcf8
23.f4 Bf6 24.Qf3  1/2-1/2

[Event "WJun Girls"]
[Site "Yerevan ARM"]
[Date "2007.10.09"]
[Round "7"]
[White "Soumya,Sw"]
[Black "Zawadzka,J"]
[Result "0-1"]
[WhiteElo "2244"]
[BlackElo "2371"]

1.e4 c5 2.Nf3 d6 3.d4 cxd4 4.Nxd4 Nf6 5.Nc3 a6 6.Be3 e6 7.Be2 Be7 8.a4 Qc7
9.a5 Nc6 10.Nb3 O-O 11.O-O Bd7 12.g4 d5 13.exd5 Nxd5 14.Nxd5 exd5 15.Qxd5 Nb4
16.Qd2 Bd6 17.Bb6 Qb8 18.f4 Bc6 19.c4 Re8 20.Rad1 Bxf4 21.Rxf4 Rxe2 22.Qxe2 Qxf4
23.Nd4 h6 24.Nxc6 Nxc6 25.Rf1 Qd6 26.Qf3 Rf8 27.Rd1 Qb4 28.Qc3 Qe7 29.h3 Re8
30.Rf1 f6 31.Qd3 Kh8 32.Rf2 Qb4 33.Qd7 Qe1+ 34.Kg2 Qe4+ 35.Kg1 Nb4 36.Qf5 Qxc4
37.Qg6 Qc6 38.Bd4 Re1+ 39.Rf1 Rxf1+  0-1

[Event "USCL 2007"]
[Site "ICC INT"]
[Date "2007.10.10"]
[Round "7"]
[White "Blehm,P"]
[Black "Vovsha,E"]
[Result "1/2-1/2"]
[WhiteElo "2505"]
[BlackElo "2452"]

1.e4 c5 2.Nf3 d6 3.d4 cxd4 4.Nxd4 Nf6 5.Nc3 a6 6.Be3 e6 7.f3 b5 8.Qd2 b4
9.Nce2 e5 10.Nb3 a5 11.c4 Be6 12.Ng3 a4 13.Nc1 Nc6 14.Be2 h5 15.O-O h4 16.Nh1 Be7
17.Nf2 Nd7 18.Ncd3 Qa5 19.Rac1 b3 20.axb3 Qxd2 21.Bxd2 Nd4 22.Bd1 axb3 23.Be3 O-O
24.Bxd4 exd4 25.Bxb3 Rfc8 26.g3 Rab8 27.Ba2 Ne5 28.f4 Bxc4 29.Bxc4 Nxc4 30.b4 d5
31.exd5 Ne3 32.Rxc8+ Rxc8 33.Re1 Nxd5 34.Re5 Rd8 35.Re4 Bxb4 36.Rxd4 Ba5
37.Ne5 Bb6 38.Rd2 h3 39.Nc4 Bc5 40.Ne5 f6 41.Nd3 Be3 42.Re2 Ra8 43.Kf1 Ra1+
44.Re1 Ra2 45.Re2 Ra1+  1/2-1/2

[Event "3rd Arctic Cup"]
[Site "Salekhard RUS"]
[Date "2007.10.11"]
[Round "4"]
[White "Yakovich,Yul"]
[Black "Munnik,T"]
[Result "1-0"]
[WhiteElo "2136"]
[BlackElo "1982"]

1.e4 c5 2.Nf3 d6 3.d4 cxd4 4.Nxd4 Nf6 5.Nc3 a6 6.Be3 e6 7.g4 b5 8.g5 Nfd7
9.a3 Nb6 10.Qg4 N8d7 11.Rd1 Ne5 12.Qg3 Bd7 13.f4 Nc6 14.Nxc6 Bxc6 15.Bg2 Qc7
16.O-O O-O-O 17.b3 Be7 18.Ne2 d5 19.Nd4 Bb7 20.Qf2 Na8 21.exd5 Bxd5 22.c4 bxc4
23.bxc4 Bb7 24.Rb1 Bxg2 25.Qxg2 Kd7 26.Rb7 Ke8 27.Rxc7 Nxc7 28.Qc6+ Rd7 29.Nf3 Bd6
30.c5  1-0

[Event "WJun Girls"]
[Site "Yerevan ARM"]
[Date "2007.10.11"]
[Round "8"]
[White "Airapetian,Ta"]
[Black "Karavade,E"]
[Result "0-1"]
[WhiteElo "2193"]
[BlackElo "2331"]

1.e4 c5 2.Nf3 d6 3.d4 cxd4 4.Nxd4 Nf6 5.Nc3 a6 6.Be3 e5 7.Nf3 Qc7 8.a4 Be7
9.a5 Nbd7 10.Be2 O-O 11.O-O Nc5 12.Nd2 Be6 13.f4 exf4 14.Bxf4 Ncd7 15.Kh1 Ne5
16.Qe1 Nfd7 17.Qg3 Ng6 18.Bg5 Bxg5 19.Qxg5 Nde5 20.Nb3 Nc4 21.Bxc4 Qxc4 22.Rfd1 Rad8
23.Ra4 Qc7 24.Rad4 h6 25.Qd2 Bxb3 26.cxb3 Qxa5 27.Rxd6 Rxd6 28.Qxd6 Qg5 29.Nd5 Re8
30.Qd7 Rxe4 31.Nc3 Re7 32.Qd8+ Kh7 33.Qd5 Qxd5 34.Nxd5 Re2 35.Kg1 Rxb2 36.b4 Nh4
37.Rd4 Rxg2+ 38.Kh1 Rxh2+  0-1

[Event "WJun Girls"]
[Site "Yerevan ARM"]
[Date "2007.10.13"]
[Round "10"]
[White "Hakimifard,G"]
[Black "Kalashyan,V"]
[Result "1-0"]
[WhiteElo "2102"]
[BlackElo "2059"]

1.e4 c5 2.Nf3 d6 3.d4 cxd4 4.Nxd4 Nf6 5.Nc3 a6 6.Be3 e5 7.Nb3 Be6 8.f3 h5
9.Qd2 Nbd7 10.O-O-O Be7 11.Be2 b5 12.f4 b4 13.Nd5 Nxe4 14.Qxb4 Bxd5 15.Rxd5 Nef6
16.Rdd1 a5 17.Qa4 e4 18.h3 Qb8 19.Bb5 h4 20.Nd4 Rh5 21.Be2 Rh8 22.Bb5 Rh5
23.f5 Qc7 24.Be2 Rh8 25.Nb5 Qb8 26.Bf4 Kf8 27.Nxd6 Qb4 28.Qc6 Rb8 29.Nb5 Rd8
30.Bc7 Rc8 31.Qa6 Re8 32.Nd6 Nc5 33.Qc6 Na4 34.Nc4 Qc5 35.Qb7 Qxf5 36.Nd6 Bxd6
37.Bxd6+ Kg8 38.Bb5 Nc5 39.Bxc5 Qxc5 40.Bxe8 Qe3+ 41.Kb1 Nxe8 42.Rhe1 Qg5
43.Qxe4 Nc7 44.Rd7 Ne6 45.Rd5 Qg3 46.Rxa5 g6 47.a4  1-0

[Event "3rd Arctic Cup"]
[Site "Salekhard RUS"]
[Date "2007.10.15"]
[Round "8"]
[White "Korjakin,A"]
[Black "Hrabusa,M"]
[Result "0-1"]
[WhiteElo "2196"]
[BlackElo "2304"]

1.e4 c5 2.Nf3 d6 3.d4 cxd4 4.Nxd4 Nf6 5.Nc3 a6 6.Be3 e5 7.Nb3 Be6 8.f3 b5
9.Qd2 Nbd7 10.g4 Be7 11.O-O-O O-O 12.Kb1 b4 13.Nd5 Bxd5 14.exd5 a5 15.h4 Nb6
16.Bxb6 Qxb6 17.g5 Nh5 18.Bh3 Nf4 19.Nc1 a4 20.Ne2 Nxh3 21.Rxh3 Rfc8 22.f4 exf4
23.Nd4 Rc4 24.Qxf4 Qc5 25.Qe4 Rc8 26.b3 axb3 27.axb3 Rc3 28.Nc6 Bf8 29.Rh2 g6
30.h5 Re3 31.Qd4 Qxd4 32.Nxd4 Bg7 33.h6 Be5 34.Rh4 Ra8 35.Kc1 Rg3 36.Ne2 Rg2
37.Kd2 Re8 38.Rxb4 Rxe2+ 39.Kxe2 Bc3+ 40.Kd3 Bxb4 41.c3 Ba5 42.Ra1 Bd8 43.b4 Bxg5
44.c4 Rd8 45.Ke4 f5+ 46.Kf3 Bxh6 47.b5 Rb8 48.Ra6 f4 49.Ke4 Re8+ 50.Kf3 Re3+
51.Kf2 Bg5 52.b6 Bh4+ 53.Kg1 Rb3  0-1

[Event "WJun Girls"]
[Site "Yerevan ARM"]
[Date "2007.10.15"]
[Round "12"]
[White "Melia,S"]
[Black "Zawadzka,J"]
[Result "1-0"]
[WhiteElo "2365"]
[BlackElo "2371"]

1.e4 c5 2.Nf3 d6 3.d4 cxd4 4.Nxd4 Nf6 5.Nc3 a6 6.Be3 e5 7.Nb3 Be6 8.f3 Be7
9.Qd2 O-O 10.O-O-O Qc7 11.Qf2 Nbd7 12.g4 Rfc8 13.h4 b5 14.g5 Nh5 15.Bh3 b4
16.Nd5 Bxd5 17.Rxd5 Rcb8 18.Bg4 Nf4 19.Bxf4 exf4 20.Bxd7 Qxd7 21.Qh2 a5 22.Qxf4 a4
23.Nd4 b3 24.cxb3 axb3 25.a3 g6 26.h5 Ra4 27.Kb1 Rc4 28.Qh4 Bf8 29.h6 Qa7
30.Rd1 Be7 31.f4 Bd8 32.Qg3 Bb6 33.Qd3 Qa4 34.Rb5 Ba7 35.Rxb8+ Bxb8 36.Nxb3 Rxe4
37.Qc3 f6 38.Qxf6 Qd7 39.Nc5 Qe7 40.Nxe4 Qxe4+ 41.Ka1  1-0

[Event "ch-Euro Blitz"]
[Site "Ajaccio FRA"]
[Date "2007.10.25"]
[Round "16"]
[White "Guliyev,N"]
[Black "Van Wely,L"]
[Result "0-1"]
[WhiteElo "2560"]
[BlackElo "2679"]

1.e4 c5 2.Nf3 d6 3.d4 cxd4 4.Nxd4 Nf6 5.Nc3 a6 6.Be3 e5 7.Nf3 Be7 8.Bc4 O-O
9.O-O Nc6 10.Re1 b5 11.Bf1 Rb8 12.Bg5 Ng4 13.Bc1 Qb6 14.Qd2 Nf6 15.b3 h6
16.h3 Re8 17.Bb2 Bf8 18.g3 Bb7 19.Nh4 Ne7 20.a3 Rbd8 21.Bg2 Rc8 22.Rad1 Red8
23.Re2 Rc6 24.Qe1 Qc7 25.Rd3 Rc8 26.Nf3 Qb6 27.Nd2 g6 28.Nf1 Rc5 29.Red2 Ne8
30.Ne3 h5 31.a4 Bh6 32.axb5 axb5 33.b4 R5c7 34.Qe2 Bg5 35.h4 Bh6 36.g4 hxg4
37.Qxg4 Rd8 38.Qf3 Bf4 39.Rd1 Nf6 40.Ng4 Nh5 41.Bc1 Nf5 42.Be3 Bxe3 43.Nxe3 Nxh4
44.Qg4 Nxg2 45.Nxg2 Rdc8 46.Qh3 Rd8 47.Kh1 Rxc3 48.Rxc3 Bxe4 49.Kg1 Kg7 50.Qh4 Bxg2
51.Kxg2 Nf4+ 52.Kf3 Rh8 53.Qe7 Rh3+ 54.Kg4 Rxc3 55.Rxd6 Qc7 56.Qf6+ Kh7 57.Rd8 Qxd8
58.Qxd8 Rxc2 59.Qe7 Nh5 60.Qxf7+ Ng7 61.Kg3 Rc4 62.Qe7 Re4 63.f3 Rc4 64.Qd6 Nf5+  0-1

[Event "2nd MAIG Team Standard"]
[Site "Macau CHN"]
[Date "2007.10.30"]
[Round "6"]
[White "Ahmad,Az"]
[Black "Mas,H"]
[Result "0-1"]
[WhiteElo "2350"]
[BlackElo "2372"]

1.e4 c5 2.Nf3 d6 3.d4 cxd4 4.Nxd4 Nf6 5.Nc3 a6 6.Be3 e5 7.Nb3 Be7 8.f3 Be6
9.Qd2 Nbd7 10.O-O-O b5 11.g4 O-O 12.g5 b4 13.Ne2 Ne8 14.f4 exf4 15.Bxf4 Ne5
16.Ned4 Bg4 17.Re1 a5 18.Rg1 a4 19.Bxe5 axb3 20.Nxb3 Be6 21.Bf4 Rxa2 22.Qxb4 Nc7
23.Qb7 Bxb3 24.Qxb3 Ra1+ 25.Kd2 Rxe1 26.Kxe1 Ne6 27.Bd2 Qa8 28.Rg4 Qa1+ 29.Kf2 Qd1  0-1

[Event "7th Rohde Open"]
[Site "Sautron FRA"]
[Date "2007.11.01"]
[Round "7"]
[White "Bojkov,D"]
[Black "Pruess,D"]
[Result "0-1"]
[WhiteElo "2520"]
[BlackElo "2417"]

1.e4 c5 2.Nf3 d6 3.d4 cxd4 4.Nxd4 Nf6 5.Nc3 a6 6.Be3 e6 7.Be2 b5 8.Bf3 b4
9.Na4 Bb7 10.e5 Nd5 11.Bxd5 Bxd5 12.Nf5 Bc6 13.Bb6 Qd7 14.exd6 exf5 15.O-O Qxd6
16.Re1+ Kd7 17.Qe2 Kc8 18.Nc5 Be4 19.Nxe4 Qxb6 20.Ng5 Bc5 21.Nxf7 Rf8 22.Qc4 Ra7
23.Re6 Qc7 24.Ne5 Rb7 25.Rd1 Rb6 26.Kf1 Rxe6 27.Qxe6+ Kb7 28.Nd7 Rc8 29.Qxf5 g6
30.Qe6 Qc6 31.Nxc5+ Qxc5 32.Qf7+ Rc7 33.Qf3+ Qc6 34.Qb3 Qc4+ 35.Rd3 a5 36.a3 Qxc2
37.axb4 a4 38.Qxc2 Rxc2 39.Ra3 Rxb2 40.Rxa4 Nc6 41.b5 Rxb5 42.Rf4 Rf5 43.Rh4 Rf7
44.g3 Kc7 45.Kg2 Kd6 46.Ra4 Ra7 47.Rf4 Ke6 48.h4 Ne5 49.Rf8 h5 50.Re8+ Kf6
51.Rf8+ Kg7 52.Re8 Ra5 53.Rd8 Ra2 54.Rd4 Ng4 55.Rf4 Rd2 56.Kg1 Ne5 57.Kf1 Rb2
58.Kg1 Nd3 59.Rf3 Rb1+ 60.Kh2 Rd1 61.Kh3 Rd2  0-1

[Event "KNSB TCh-NED 2007-8"]
[Site "Netherlands NED"]
[Date "2007.11.03"]
[Round "3"]
[White "Van den Doel,E"]
[Black "Ringoir,T"]
[Result "1-0"]
[WhiteElo "2593"]
[BlackElo "2236"]

1.e4 c5 2.Nf3 d6 3.d4 cxd4 4.Nxd4 Nf6 5.Nc3 a6 6.Be3 e5 7.Nf3 Be7 8.Bc4 Be6
9.Bxe6 fxe6 10.Ng5 Qd7 11.Qf3 Nc6 12.Qh3 d5 13.Nxe6 d4 14.Nxg7+ Kf7 15.Nf5 dxe3
16.fxe3 Bb4 17.O-O Bxc3 18.bxc3 Rad8 19.Qh6 Rhg8 20.Nh4 Qe6 21.Rxf6+ Qxf6
22.Rf1 Qxf1+ 23.Kxf1 Rd2 24.Qxh7+ Rg7 25.Qf5+ Kg8 26.Qe6+ Kh7 27.Qh3 Kg8
28.Nf5 Rg6 29.g4 Rxc2 30.Qh5  1-0

[Event "KNSB TCh-NED 2007-8"]
[Site "Netherlands NED"]
[Date "2007.11.03"]
[Round "3"]
[White "Willemze,J"]
[Black "Rietman,F"]
[Result "0-1"]
[WhiteElo "2413"]
[BlackElo "2227"]

1.e4 c5 2.Nf3 d6 3.d4 cxd4 4.Nxd4 Nf6 5.Nc3 a6 6.Be3 e5 7.Nde2 Nbd7 8.Ng3 Qc7
9.Nh5 Nxh5 10.Nd5 Qa5+ 11.b4 Qd8 12.Qxh5 Nf6 13.Qh4 Be7 14.Nxe7 Qxe7 15.Bc4 h6
16.O-O Be6 17.Bb3 Rc8 18.f3 O-O 19.Rfd1 Bxb3 20.cxb3 Rc2 21.Rd3 Rfc8 22.Qe1 Qe6
23.Qd1 R2c6 24.a4 b5 25.Rc1 Rxc1 26.Bxc1 Rc6 27.Be3 Qe7 28.axb5 axb5 29.Qa1 Kh7
30.Qa5 Qb7 31.g3 Ra6 32.Qd8 Qc6 33.Bf2 Qc2 34.Rxd6 Ra1+ 35.Kg2 Qe2 36.g4 Ra2
37.Qb6 Nxe4 38.fxe4 Qxg4+ 39.Kf1 Qh3+ 40.Ke1 Qc3+ 41.Kf1 Qh3+ 42.Ke1 Qf3  0-1

[Event "KNSB TCh-NED 2007-8"]
[Site "Netherlands NED"]
[Date "2007.11.03"]
[Round "3"]
[White "De Vreugt,D"]
[Black "Kleijn,C"]
[Result "0-1"]
[WhiteElo "2411"]
[BlackElo "2210"]

1.e4 c5 2.Nf3 d6 3.d4 cxd4 4.Nxd4 Nf6 5.Nc3 a6 6.Be3 e5 7.Nb3 Be7 8.Qd2 Be6
9.f4 Qc7 10.O-O-O Nbd7 11.f5 Bc4 12.h3 b5 13.g4 b4 14.Nd5 Nxd5 15.exd5 a5
16.Kb1 O-O 17.g5 Rfc8 18.Bg2 Nb6 19.f6 Bf8 20.Qf2 Na4 21.Be4 Nc3+ 22.bxc3 bxc3
23.Ka1 a4 24.Nc5 dxc5 25.Bxh7+ Kxh7 26.Qh4+ Kg8 27.Qxc4 Rab8 28.d6 Bxd6 29.g6 Bf8
30.fxg7 Bxg7 31.Rhf1 Rf8 32.gxf7+ Rxf7 33.Bxc5 Rb7 34.Rf5 Qc8 35.Rdf1 Qe8
36.Rxf7  0-1

[Event "KNSB TCh-NED 2007-8"]
[Site "Netherlands NED"]
[Date "2007.11.03"]
[Round "3"]
[White "Blokhuis,J"]
[Black "L'Ami,E"]
[Result "0-1"]
[WhiteElo "2356"]
[BlackElo "2577"]

1.e4 c5 2.Nc3 d6 3.Nge2 Nf6 4.d4 cxd4 5.Nxd4 a6 6.Be3 e5 7.Nb3 Be6 8.Qd2 Be7
9.f3 O-O 10.O-O-O a5 11.a4 Nc6 12.g4 Nb4 13.g5 Nd7 14.Nd5 Nxd5 15.exd5 Bf5
16.h4 Nb6 17.Qf2 Nxa4 18.Bb5 Rc8 19.Rd2 Bd7 20.Bd3 f5 21.gxf6 Bxf6 22.Be4 Qc7
23.Qe2 Nb6 24.Qd3 Nc4 25.Bxh7+ Kh8 26.Bg6 e4 27.fxe4 Ne5 28.Qe2 Bg4 29.Qg2 Bf3
30.Qg3 Nxg6 31.Qxg6 Bxh1 32.Nd4 Bxd4  0-1

[Event "TCh-BEL 2007-8"]
[Site "Belgium BEL"]
[Date "2007.11.04"]
[Round "3"]
[White "Allaert,D"]
[Black "Ringoir,T"]
[Result "0-1"]
[WhiteElo "2071"]
[BlackElo "2236"]

1.e4 c5 2.Nf3 d6 3.d4 cxd4 4.Nxd4 Nf6 5.Nc3 a6 6.Be3 e5 7.Nf3 Be7 8.Bc4 O-O
9.O-O Be6 10.Bxe6 fxe6 11.Na4 Nfd7 12.c4 Qc7 13.Rc1 Qc6 14.Re1 h6 15.Qb3 Kh7
16.h3 Rc8 17.Qd1 a5 18.b3 Na6 19.Nh2 Rf8 20.Qd2 Nf6 21.f3 b5 22.Nb6 Rab8
23.cxb5 Qxb5 24.a4 Qb4 25.Nc4 Qxd2 26.Bxd2 Nc5 27.Rb1 Nxb3 28.Bxa5 d5 29.exd5 exd5
30.Rxb3 Rxb3 31.Nxe5 Bc5+ 32.Kh1 Ra8 33.Bd2 Rxa4 34.Nhg4 Nxg4 35.hxg4 Ra2
36.Bf4 Rab2 37.Kh2 Rb1 38.Re2 R3b2 39.Rxb2 Rxb2 40.Nd3 Rc2 41.Kg3 Be7 42.Be5 Rd2
43.Nf4 d4 44.Ne6 d3 45.Nf4 Bg5 46.Nd5 Re2 47.f4 d2 48.Nc3 Re3+ 49.Kf2 Rxc3
50.Ke2 Rc5  0-1

[Event "TCh-BEL 2007-8"]
[Site "Belgium BEL"]
[Date "2007.11.04"]
[Round "3"]
[White "Pucher,S"]
[Black "Van den Dikkenberg,E"]
[Result "1-0"]
[WhiteElo "2244"]
[BlackElo "2121"]

1.e4 c5 2.Nf3 d6 3.d4 cxd4 4.Nxd4 Nf6 5.Nc3 a6 6.Be3 e5 7.Nb3 Be7 8.f4 O-O
9.Be2 b5 10.a4 exf4 11.Bxf4 b4 12.Nd5 Nxd5 13.exd5 Bf6 14.Rb1 Qc7 15.O-O Nd7
16.Qd2 Rb8 17.Kh1 Ne5 18.Nd4 Bd7 19.b3 a5 20.Bb5 Bxb5 21.Nxb5 Qd7 22.Rbe1 Rfc8
23.Re2 Rc5 24.Be3 Rcc8 25.h3 Re8 26.Nd4 Rbc8 27.Nf5 Ng6 28.Ref2 Bc3 29.Qd3 Ne7
30.Nh6+ Kh8 31.Nxf7+ Kg8 32.Ng5 Bf6  1-0

[Event "ch-IND w"]
[Site "Pune IND"]
[Date "2007.11.08"]
[Round "4"]
[White "Ramaswamy,A"]
[Black "Harika,D"]
[Result "1/2-1/2"]
[WhiteElo "2317"]
[BlackElo "2480"]

1.e4 c5 2.Nf3 d6 3.d4 cxd4 4.Nxd4 Nf6 5.Nc3 a6 6.Be3 e5 7.Nf3 Be7 8.Bc4 O-O
9.Qe2 Be6 10.Rd1 Bxc4 11.Qxc4 b5 12.Qd3 b4 13.Na4 Nbd7 14.c4 bxc3 15.Nxc3 Qb8
16.Qe2 Qb7 17.Bg5 Rab8 18.Rd2 Rfc8 19.O-O Bf8 20.Re1 Rc6 21.h3 h6 22.Bxf6 Nxf6
23.Nh2 Rb6  1/2-1/2

[Event "TCh-FIN 2007-8"]
[Site "Finland FIN"]
[Date "2007.11.17"]
[Round "4"]
[White "Sorsa,N"]
[Black "Niemela,A"]
[Result "1/2-1/2"]
[WhiteElo "2226"]
[BlackElo "2257"]

1.e4 c5 2.Nf3 d6 3.d4 cxd4 4.Nxd4 Nf6 5.Nc3 a6 6.Be3 e6 7.Qf3 Qc7 8.Be2 Be7
9.Rd1 O-O 10.Qg3 b5 11.Bh6 Ne8 12.a3 Bb7 13.h4 Kh8 14.Bg5 Nf6 15.Qe3 Nc6
16.h5 h6 17.Bh4 Nxd4 18.Qxd4 Rac8 19.g4 Qc5 20.Qxc5 Rxc5 21.f3 Re8 22.Rd3 d5
23.e5 Nd7 24.Bg3 d4 25.Rxd4 Nxe5 26.Ne4 Rd5 27.Rxd5 exd5 28.Bxe5 dxe4 29.f4 Rd8
30.Rh3 f6 31.Bc3 Kg8 32.Bd2 Bc5 33.Rc3 Bg1 34.Be3 Bxe3 35.Rxe3 Rd4 36.c3 Rd7
37.Bd1 Kf8 38.Bc2 Re7 39.Kf2 Ke8 40.Re2 Kd7 41.Ke3 Kd6 42.Rd2+ Kc5 43.Rd4 Bc8
44.f5 Bb7 45.b4+ Kb6 46.Bxe4 Bxe4 47.Rxe4 Rd7 48.Rd4 Re7+ 49.Kd3 Kc6 50.c4 bxc4+
51.Rxc4+ Kb6 52.a4 Ra7 53.Re4 Rd7+ 54.Rd4 Re7 55.Rd6+ Kb7 56.a5 Ka7 57.Kd4 Kb7
58.Kc5 Rc7+ 59.Kd5 Re7 60.Rb6+ Ka7 61.Re6 Rb7 62.Re4 Rd7+ 63.Kc6 Rb7 64.Rd4 Rb5
65.Rd7+ Kb8  1/2-1/2

[Event "TCh-BEL 2007-8"]
[Site "Belgium BEL"]
[Date "2007.11.18"]
[Round "4"]
[White "Feygin,M"]
[Black "Feller,S"]
[Result "0-1"]
[WhiteElo "2531"]
[BlackElo "2513"]

1.e4 c5 2.Nf3 d6 3.d4 Nf6 4.Nc3 cxd4 5.Nxd4 a6 6.Be3 e5 7.Nb3 Be6 8.Qd2 Nbd7
9.O-O-O Qc7 10.f4 b5 11.Kb1 Be7 12.h3 O-O 13.g4 Rfc8 14.Bg2 Bc4 15.g5 b4
16.Na4 Bb5 17.gxf6 Bxf6 18.Rc1 a5 19.c3 Qb7 20.cxb4 axb4 21.Rxc8+ Rxc8 22.Rc1 Rxc1+
23.Nxc1 Bxa4 24.Qxd6 exf4 25.Bxf4 Bc6 26.Ka1 g5 27.Bd2 Bxe4 28.Bxe4 Qxe4
29.Qxb4 Qc2 30.h4 h6 31.hxg5 hxg5 32.Be3 Ne5 33.Qb3 Qe4 34.Qc3 Ng4 35.Qc8+ Kg7
36.Bc5 Ne3 37.Qf8+ Kg6 38.Qg8+ Bg7 39.Bxe3 Qxe3 40.Qc8 Qd2 41.Qc6+ Bf6 42.Qe4+ Kg7
43.Qb1 g4 44.Nd3 g3 45.Ne1 Qe2 46.Qc1 Kg6 47.Kb1 Kh5 48.a3 Bxb2 49.Qc8 Qxe1+
50.Kxb2 Qf2+ 51.Kc3 Qe3+ 52.Kb2 g2 53.Qf5+ Kh4 54.Qh7+ Kg3 55.Qg7+ Kf2 56.Qxf7+ Ke1  0-1

[Event "WYg16"]
[Site "Kemer TUR"]
[Date "2007.11.18"]
[Round "1"]
[White "Kinder,Je"]
[Black "Repina,V"]
[Result "0-1"]
[WhiteElo "1728"]
[BlackElo "2154"]

1.e4 c5 2.Nf3 d6 3.d4 cxd4 4.Nxd4 Nf6 5.Nc3 a6 6.Be3 e5 7.Nf3 Qc7 8.a4 Nbd7
9.a5 Be7 10.Qd2 O-O 11.b3 b5 12.axb6 Nxb6 13.Be2 Bb7 14.Bxb6 Qxb6 15.Ra4 Bc6
16.Rc4 Bb5 17.Nd5 Nxd5 18.Qxd5 Bxc4 19.Bxc4 Qb4+ 20.Qd2 Qxd2+ 21.Kxd2 a5
22.Ra1 Rfc8 23.Ng1 Bd8 24.Ne2 Bb6 25.f3 g6 26.Nc3 Bd4 27.Ra4 Bxc3+ 28.Kxc3 Rc5
29.Kd2 Rac8 30.Ra2 Kg7 31.g3 f5 32.Ke3 h5 33.h4 Rf8 34.c3 f4+ 35.Kf2 Kh6
36.g4 g5 37.hxg5+ Kxg5 38.gxh5 Rh8 39.Bf7 Rxc3 40.Rxa5 Rh7 41.Bg6 Rhc7 42.Rd5 Rc2+
43.Ke1 Rh2 44.Kd1 Ra7  0-1

[Event "WYb14"]
[Site "Kemer TUR"]
[Date "2007.11.18"]
[Round "1"]
[White "Sethuraman,S"]
[Black "Tordeur,J"]
[Result "1-0"]
[WhiteElo "2427"]
[BlackElo "1988"]

1.e4 c5 2.Nf3 d6 3.d4 cxd4 4.Nxd4 Nf6 5.Nc3 a6 6.Be3 e5 7.Nb3 Be6 8.Qd2 Be7
9.f4 exf4 10.Bxf4 Nc6 11.O-O-O Ne5 12.Kb1 O-O 13.h3 b5 14.Qe1 Qc7 15.Nd5 Bxd5
16.exd5 Nfd7 17.g4 Rac8 18.Qf2 Rfe8 19.g5 Bf8 20.h4 Ng4 21.Qd2 Nge5 22.h5 Nc4
23.Qh2 a5 24.Nd4 Qc5 25.Bh3 Rc7 26.g6 fxg6 27.hxg6 Nxb2 28.Bc1 Ra8 29.Bf1  1-0

[Event "WYb16"]
[Site "Kemer TUR"]
[Date "2007.11.19"]
[Round "2"]
[White "Blackman,J"]
[Black "Yilmaz,M"]
[Result "0-1"]
[WhiteElo "1957"]
[BlackElo "2247"]

1.e4 c5 2.Nf3 d6 3.d4 cxd4 4.Nxd4 Nf6 5.Nc3 a6 6.Be3 e5 7.Nb3 Be7 8.f3 O-O
9.Qd2 Be6 10.O-O-O a5 11.Bb5 Nc6 12.g4 Qb8 13.h4 Rc8 14.Kb1 Ne8 15.Nd5 Bxd5
16.exd5 Nc7 17.Bd3 a4 18.Nc1 Nxd5 19.Bxh7+ Kxh7 20.Qxd5 Kg8 21.c3 Qc7 22.Qd2 Na5
23.Ne2 Nc4 24.Qc1 Ra5 25.Ng3 Rb5 26.Rh2 d5 27.Nf5 Ba3 28.Ka1 Rxb2  0-1

[Event "WYg16"]
[Site "Kemer TUR"]
[Date "2007.11.20"]
[Round "3"]
[White "Kinder,Je"]
[Black "Livschitz,L"]
[Result "0-1"]
[WhiteElo "1728"]
[BlackElo "2005"]

1.e4 c5 2.Nf3 d6 3.d4 cxd4 4.Nxd4 Nf6 5.Nc3 a6 6.Be3 e5 7.Nf3 Be7 8.Bc4 O-O
9.O-O Nbd7 10.a4 Ng4 11.Qd3 Nxe3 12.Qxe3 Nb6 13.Bd5 Nxd5 14.Nxd5 Be6 15.Rfd1 Rc8
16.c3 f5 17.exf5 Bxf5 18.a5 Bg4 19.Nb6 Bxf3 20.Nxc8 Bg5 21.Rxd6 Bxe3 22.Rxd8 Rxd8
23.fxe3 Be4 24.Nb6 Rd2 25.b4 Rxg2+ 26.Kf1 Rxh2 27.Ra3 Bd3+ 28.Kg1 Re2 29.c4 Rxe3
30.b5 axb5 31.c5 Re1+ 32.Kf2 Re2+ 33.Kg3 Be4 34.Nd7 Bf5 35.c6 Be4 36.cxb7 Bxb7
37.a6 Bc6 38.a7 Kf7 39.a8=Q Bxa8 40.Rxa8 h6 41.Rb8 Ke6 42.Nf8+ Kf5 43.Rxb5 g5
44.Nd7 h5 45.Kf3 Re4 46.Rb6 g4+ 47.Kg3 Re3+ 48.Kf2 Rf3+ 49.Kg2 Rd3 50.Nc5 Rd2+
51.Kg3 Rc2 52.Ne6 Rc3+ 53.Kg2 h4 54.Ng7+ Kf4 55.Rf6+ Ke4 56.Rg6 Rc2+ 57.Kg1 Kf3
58.Nh5 e4 59.Rf6+ Ke3 60.Rg6 Rc5 61.Nf6 g3 62.Rg4 Kf3 63.Rxg3+ hxg3  0-1

[Event "WYb14"]
[Site "Kemer TUR"]
[Date "2007.11.20"]
[Round "3"]
[White "Ochsner,B"]
[Black "Ospanov,N"]
[Result "0-1"]
[WhiteElo "1879"]
[BlackElo "2130"]

1.e4 c5 2.Nf3 d6 3.d4 cxd4 4.Nxd4 Nf6 5.Nc3 a6 6.Be3 Ng4 7.Bg5 h6 8.Bh4 g5
9.Bg3 Bg7 10.f3 Ne3 11.Qd2 Bxd4 12.Bf2 Nxg2+ 13.Bxg2 Bxf2+ 14.Qxf2 Nc6 15.O-O-O Be6
16.h4 Rg8 17.hxg5 hxg5 18.Rh5 Qa5 19.Kb1 Rc8 20.Qe2 Nb4 21.a3 Rxc3 22.bxc3 Qxa3
23.c4 Na2 24.Rd3 Qc1+ 25.Kxa2  0-1

[Event "WYb16"]
[Site "Kemer TUR"]
[Date "2007.11.20"]
[Round "3"]
[White "Tofte,S"]
[Black "Salgado Lopez,I"]
[Result "0-1"]
[WhiteElo "2107"]
[BlackElo "2460"]

1.e4 c5 2.Nf3 d6 3.d4 cxd4 4.Nxd4 Nf6 5.Nc3 a6 6.Be3 e5 7.Nb3 Be6 8.f3 Be7
9.Qd2 O-O 10.O-O-O Nbd7 11.g4 b5 12.g5 b4 13.Ne2 Ne8 14.f4 exf4 15.Nxf4 Bxb3
16.cxb3 Bxg5 17.Kb1 Ne5 18.Be2 a5 19.Rhg1 Bxf4 20.Bxf4 Qh4 21.Qe3 Nf6 22.Rd4 Ng6
23.Bxd6 Rfe8 24.e5 Qxh2 25.Bc4 Rxe5 26.Bxe5 Qxe5 27.Qd3 Nf8 28.Qd2 Re8 29.Rg5 Ne4
30.Rxe4 Qxe4+ 31.Qd3 Qxd3+ 32.Bxd3 Ra8 33.Be4 Ra7 34.Kc2 Ne6 35.Re5 g6 36.Kd3 Kg7
37.Kc4 h5 38.a3 Kf6 39.Rb5 Rc7+ 40.Kd3 Nc5+ 41.Kd4 Nxe4 42.Kxe4 Re7+ 43.Kf3 bxa3
44.bxa3 Re5 45.Rb7 g5 46.b4 axb4 47.axb4 Kg6 48.b5 f6 49.Rb8 Kf5 50.b6 Rb5
51.b7 h4 52.Kg2 Rb3 53.Kh2 h3 54.Rh8 Rxb7 55.Rxh3 Rb2+ 56.Kg1 Kg4 57.Ra3 f5  0-1

[Event "WYb14"]
[Site "Kemer TUR"]
[Date "2007.11.20"]
[Round "3"]
[White "Aplin,C"]
[Black "Popilski,G"]
[Result "0-1"]
[WhiteElo "2032"]
[BlackElo "2238"]

1.e4 c5 2.Nf3 d6 3.d4 cxd4 4.Nxd4 Nf6 5.Nc3 a6 6.Be3 e6 7.f3 Be7 8.g4 Nc6
9.Qd2 O-O 10.O-O-O Nd7 11.h4 Nxd4 12.Bxd4 b5 13.g5 Rb8 14.Rg1 Ne5 15.Qf2 Qa5
16.f4 Nc6 17.f5 Nxd4 18.Qxd4 b4 19.f6 Bd8 20.fxg7 Re8 21.Ne2 Bb6 22.Qf6 Qxa2
23.Rg3 e5 24.Rxd6 Be6 25.g6 hxg6 26.h5 Rbd8 27.Rdd3 Qa1+ 28.Kd2 b3 29.hxg6 Ba5+
30.Ke3 Qe1 31.gxf7+ Bxf7 32.Qh6 Bd2+  0-1